| 000 | 00390nam a22001337a 4500 | ||
|---|---|---|---|
| 003 | SGT | ||
| 082 |
_a617.525 _bC26Y |
||
| 100 | _aYadav, Deepak | ||
| 245 | _aComparative evaluation of mandibular angle fracture fixation using strut plate, angle plate and 4 hole with gap plate | ||
| 260 |
_aGurugram _bSGTU _c2026 |
||
| 300 | _a80 | ||
| 653 | _aOral & Maxillofacial Surgery | ||
| 942 |
_2ddc _cTH |
||
| 999 |
_c34614 _d34614 |
||